000
00202 a2200097 4500
001
529
100
_a
Dillio,CC
245
_a
Thermal Engineering
260
_a
_b
International T/BK
_c
090
_c
139
_d
139
942
_a
NUST-CAE
_c
M
_c
4335
999
_c
235602
_d
235602